European Countries Border Blitz Quiz Stats

 Plays Quiz Updated Jul 14, 2016

Support Sporcle.
Go Orange.
Score 0/47 Timer 01:00
16 Plays Today
% Correct
France
99.4%
Germany
99.2%
Switzerland
98.9%
Austria
97.8%
Poland
97.7%
Italy
97.4%
Belgium
97.3%
Spain
96.7%
Luxembourg
96.6%
Russia
96.5%
Andorra
95.8%
Ukraine
95.7%
Czechia
94.2%
Belarus
93.8%
Finland
93.8%
Norway
93.8%
Slovenia
92.5%
Lithuania
92.2%
Hungary
91.8%
Bulgaria
90%
Latvia
89.7%
Ireland
88.7%
United Kingdom
88.7%
Serbia
88.4%
% Correct
North Macedonia
88.4%
Greece
87.8%
Denmark
87.8%
Slovakia
87.6%
Estonia
87.2%
Netherlands
86.9%
Romania
85%
Portugal
83.8%
Albania
83.2%
Sweden
82.6%
Croatia
82.2%
Turkey
81.4%
Monaco
81%
Montenegro
80.6%
Vatican City
80.4%
San Marino
79.3%
Kosovo
74.3%
Bosnia and Herzegovina
71.4%
Liechtenstein
64.8%
Moldova
64.2%
Iceland
61.3%
Malta
54.3%
Cyprus
53%

From the Vault

Eight Letter Asian Countries

by alinrotundu

You're forgiven if you click Kyrgyzstan just for the fun of it.
Remove Ads.
Support Sporcle.
Get the best of Sporcle when you Go Orange. This ad-free experience offers more features, more stats, and more fun while also helping to support Sporcle. Thank you for becoming a member.

Show Comments

Extras

Top Quizzes Today


Score Distribution

Your Account Isn't Verified!

In order to create a playlist on Sporcle, you need to verify the email address you used during registration. Go to your Sporcle Settings to finish the process.

Report this User

Report this user for behavior that violates our Community Guidelines.

Details: